00884nam a2200241Ia 450000500170000000800410001702000300005804000190008804100120010708200150011924500710013426000280020530000160023344000370024950400590028665000700034565100400041570000240045585000100047994200070048999900170049695201290051320250530104927.0140110s9999 xx 000 0 und d a9780826494092cRs.1753.00 aLoreto College aEnglish a820.9bKLI 4aThe medieval British literature handbookcEdited by Daniel T.Kline aLondonbContinuumc2009 axxii,300p.  aLiterature and culture handbooks aIncludes bibliographical references,glossary and index aEnglish literature-Middle English,1100-1500-History and criticism aCivilization,medieval,in literature aKline,Daniel T.,ed. aLCBED cBK c38530d89009 00102ddc4070aMAINbMAINcPost Graduated2013-11-04l2o820.9 KLI 49720pB41982r2015-10-05s2015-09-28w2013-11-04yBKf